|
|
|
|
| LEADER |
00000nam a22000007a 4500 |
| 005 |
20120925182429.0 |
| 007 |
cr|||| |||| |
| 008 |
120925s2010 sp |||||s|||| 00||0 spa d |
| 020 |
|
|
|a 978-84-15455-15-8
|
| 035 |
|
|
|a 6325
|
| 040 |
|
|
|a vLex
|
| 090 |
|
|
|c 3475
|d 3475
|
| 100 |
1 |
|
|a Martn̕ Melňdez, Mara̕ Teresa
|
| 245 |
1 |
3 |
|a La sustitucin̤ fideicomisaria sobre la legt̕ima estricta en presencia de incapacitados
|h [Recurso electrn̤ico] /
|c Mara̕ Teresa Martn̕ Melňdez
|
| 256 |
|
|
|a Servicio en ln̕ea
|
| 260 |
|
|
|a Madrid :
|b Dykinson,
|c 2011
|
| 300 |
|
|
|a 1 recurso electrn̤ico
|
| 506 |
1 |
|
|a Contenido solo disponible en los productos indicados
|d vLex Global
|d vLex Global (Academic Edition, excluding Law Schools)
|d vLex Global (U.S. Academic Edition, Law Schools)
|d vLex Global (U.S. Academic Edition, excluding Law Schools)
|d vLex Global (Academic Edition, Law Schools)
|
| 650 |
0 |
4 |
|a Derecho civil
|
| 740 |
0 |
|
|a vLex Libros (Servicio en ln̕ea)
|
| 856 |
4 |
0 |
|u http://vlex.com/source/sustitucion-fideicomisaria-legitima-estricta-presencia-incapacitados-6325
|z Acceso restringido
|
| 942 |
|
|
|c BOOK
|
| 999 |
0 |
|
|a Civil law
|